000 00500nam a22001697a 4500
999 _c526317
_d526317
003 NUST
038 _aMr. Zahoor
082 _a621.3
100 _aIqbal, Hafsa
_917299
245 _aEfficient PAPR Reduction Technique in OFDM and Implementation on SDR /
_cHafsa Iqbal
260 _aIslamabad :
_bCEME - NUST,
_c2018.
300 _a62 p. : ill. ;
_c30cm.
500 _aHardcover.
650 _aElectrical Engineering - MS Thesis
_916073
700 _aDr. Shoab Ahmad Khan
_916279
942 _2ddc
_cTHE